000 00342 a2200157 4500
001 62530
020 _a9788560814077
040 _cAnchieta - Pituba
100 _aMartins, Marcelino Antônio
240 1 0 _aNovos ventos baianos
_lpor
245 1 0 _aNovos ventos baianos
300 _a213
362 0 _a2007
650 4 _aBahia
942 _cBK
999 _c62530
_d62530